El arte español en tiempo de los reyes católicos
Guardado en:
| Autor principal: | |
|---|---|
| Formato: | Libro |
| Lenguaje: | español |
| Publicado: |
Barcelona
R. Sopena
1957
|
| Colección: | Speculum Artis. J. F. Ráfols
|
| Materias: | |
| Etiquetas: |
Agregar Etiqueta
Sin Etiquetas, Sea el primero en etiquetar este registro!
|
MARC
| LEADER | 00000nam a2200000 a 4500 | ||
|---|---|---|---|
| 001 | UCV8564 | ||
| 003 | CL-VaPUC | ||
| 008 | 911010e19570000SP |||||||||||||||||spa|d | ||
| 082 | 0 | 4 | |a 709.46 |b SEL |2 21 |
| 100 | 0 | |a Selva, José |e author |9 302589 | |
| 245 | 1 | 3 | |a El arte español en tiempo de los reyes católicos |
| 300 | |a 224 p | ||
| 942 | |c BK | ||
| 945 | |d 19911010 00:00:00 | ||
| 260 | |a Barcelona |b R. Sopena |c 1957 | ||
| 650 | 0 | |a Arte historia |v Siglos 15-16 |9 266823 | |
| 651 | 0 | |a España |9 254926 | |
| 583 | |a last modification |c 19911010 00:00:00 |k Rodrigo Vera | ||
| 490 | 0 | |a Speculum Artis. J. F. Ráfols | |
| 999 | |c 214054 |d 214052 | ||
| 952 | |0 0 |1 0 |4 0 |6 709_460000000000000_SEL_1957 |7 0 |8 P |9 197084 |a BIBARQ |b BIBARQ |d 2019-11-14 |i 2648156 |o 709.46 SEL 1957 |p 2648156 |r 2025-01-20 |w 2019-11-14 |y BK |k ARQ | ||